000 00356nam a2200097Ia 4500
082 _a821.008 HEIN
245 0 _aEmotional and behavioral problems of young children : effective interventions in the preschool and kindergarten years
100 _a GIMPEL, Gretchen A. New York, 2003
_982471
942 _cBK
008 210817s9999 xx 000 0 und d
999 _c298092
_d298091